Normal view
MARC view
- تاليف: Sheridan, Mary D ؛ نقحة وزادت عليه: Smith,Liz Meldon / Harding,Jackie؛ ترجمة: محمد طالب السيد سليمان
Entry Personal Name
001 - CONTROL NUMBER
- control field: 22068
003 - CONTROL NUMBER IDENTIFIER
- control field: JO-AjAnu
005 - DATE AND TIME OF LATEST TRANSACTION
- control field: 20230606073820.0
008 - FIXED-LENGTH DATA ELEMENTS
- fixed length control field: 230606|| aca||aabn | a|a d
040 ## - CATALOGING SOURCE
- Original cataloging agency: JO-AjAnu
- Transcribing agency: JO-AjAnu
100 ## - HEADING--PERSONAL NAME
- Personal name: تاليف: Sheridan, Mary D ؛ نقحة وزادت عليه: Smith,Liz Meldon / Harding,Jackie؛ ترجمة: محمد طالب السيد سليمان
670 ## - SOURCE DATA FOUND
- Source citation: Work cat.: (JO-AjAnu)11339: تاليف: Sheridan, Mary D ؛ نقحة وزادت عليه: Smith,Liz Meldon / Harding,Jackie؛ ترجمة: محمد طالب السيد سليمان, author, اللعب في الطفولة المبكرة من الميلاد وحتى سن السادسة =Play in Early Childhood From birth to six years